| 000 | 00567nam a2200169 i 4500 | ||
|---|---|---|---|
| 001 | 46401 | ||
| 003 | ES-MaACL | ||
| 005 | 20230906161357.0 | ||
| 007 | t| | ||
| 008 | 030328s1994 sp ||||1| spa d | ||
| 245 | 0 | 3 |
_aEl comentario de textos, 3 _b: la novela realista / _cAndrés Amoros, Mariano Baquero Goyanes ...[et al.] ; nota preliminar de Andrés Amorós. |
| 260 |
_a[Madrid] : _bCastalia, _c[1979] |
||
| 300 |
_a312 p. ; _c19 cm. |
||
| 700 | 1 |
_aAmorós, Andrés. _921309 |
|
| 700 | 1 |
_aBaquero Goyanes, Mariano. _925265 |
|
| 852 |
_aES-MaACL _jA-10285 _bR.99377 |
||
| 999 |
_c46401 _d46401 |
||